000 00850nam0a22002531 4500
001 rc\3745275
005 20250610110818.0
021 _aRU
_b[70-51561]
035 _a(NLR Aleph) 007871896
090 _a7862896
_c7862896
100 _a20130115d1970 |||y0rusy50 ca
101 0 _arus
102 _aRU
105 _ay z |||||
200 1 _aГлашатай ленинской дружбы народов
_e[Газ. Закавказ. воен. округа "Ленинское знамя"]
210 _aЕреван
_cАйастан
_d1970
215 _a71 с.
_d17
606 _aВоенные газеты
_yЗакавказский военный округ
_2psbo
700 1 _aСарин
_bО.Л.
_gОлег Леонидович
801 0 _aRU
_bNLR
_gpsbo
801 1 _aRU
_bELAR
_2rusmarc
852 _aNLR
_j70-2/1086
942 _cBOOK
980 _aNB